000 00637nam a22001937a 4500
005 20150407110452.0
020 _a0340894679
_c85.00
035 _aB-265566-585
082 _aS
100 _aBlyton, Enid
245 _aFive have plenty of fun /
_cby Enid Blyton
260 _aLondon
_bHodder Headline
_c2004
260 _aNew Delhi
_bBlue Berry (vendor)
_c2004
270 _bNew York
300 _a250p.
_c18 cm (Hb)
490 _aThe famous five 14
942 _2ddc
_cCH
_hS
_mBLY
999 _c13175
_d13175